| 000 | 00635nam a22002537a 4500 | ||
|---|---|---|---|
| 005 | 20250820101636.0 | ||
| 008 | 150324b xxu||||| |||| 00| 0 spa d | ||
| 020 | _a9789968747417 | ||
| 041 | _aESP | ||
| 082 | _aCR 861.44 D277o | ||
| 100 | _aDíaz Chavarría, Carlos | ||
| 245 | _aLa otra mitad de mi diferencia | ||
| 260 | _aCosta Rica | ||
| 260 | _bMirambell | ||
| 260 | _c2012 | ||
| 300 | _a206 páginas | ||
| 490 | _aTEMÁTICA GENERAL | ||
| 650 | _aTEMÁTICA GENERAL | ||
| 650 | _aPOESÍA COSTARRICENSE | ||
| 650 | _aLITERATURA COSTARRICENSE | ||
| 650 | _aMUJER | ||
| 650 | _aGÉNERO FEMENINO | ||
| 942 |
_cLIT _2ddc |
||
| 999 |
_c4101 _d4101 |
||